00847pab a2200157 454500008003600000100002100036245004100057362004300098520034500141650003800486650004500524773001700569909001000586999001700596952007600613180718b xxu||||| |||| 00| 0 eng d aPulparampil John aThe administrative culture of Kerala a3(3-4), Jul-Sep/Oct-Dec 1993, p.255-57 aThe basis of the book has been a combination of observation of administrative behaviour among various levels of function aries in government and semi-government offices, case studies in administrative ddecision, ideas receival from the trainees in the class rooms, and reflections on one's own personal experiences in the Kerla bureaucracy. a Civil Service -- India -- Kerala aPublic Administration -- India -- Kerala aISAC Journal a27557 c27557d27557 00104070aIIPAbIIPAd2018-07-19pAR27659r2018-07-19w2018-07-19yAR